| 000 | 04153nam a22004217a 4500 | ||
|---|---|---|---|
| 005 | 20120127163342.0 | ||
| 010 | _aB-476669-687 | ||
| 020 |
_a9788121933308 _c99.00 |
||
| 035 | _aB-476669-687 | ||
| 037 |
_adpl _bBlue Berry/Ven |
||
| 082 | _a612.8 | ||
| 100 |
_aGreen, Jen _952491 |
||
| 245 |
_aMy healthy body brain: _band senses _cby Jen Green |
||
| 260 |
_aNew Delhi _bS. Chand Pub _c2010 |
||
| 270 |
_a7361, Ram Nagar, Qutab Road _bNew Delhi _e110055 |
||
| 300 |
_a32p. _bcol.ill _c29cm(pbk) |
||
| 942 |
_2ddc _cCH _mGRE _h612.8 |
||
| 999 |
_c61579 _d61579 |
||